000 00575nam a22001817a 4500
999 _c186285
_d186285
005 20220223114928.0
010 _aENG-131718
020 _a9789380831008
_c325.00
035 _aEN-115250
037 _bDBAD
082 _a530.12
245 _aApplied Physics/
_cC.V. Madhusudhana Rao et.al.
260 _aHyderabad
_bAmaravati Publications
_c2021
270 _a# 326/C, Level-4, Surneni Nilayam Near B K Guda Park, S R Nagar
_bHyderabad
_e500038
300 _aviii, 248p.
_c24cm(pbk)
700 _aRao, C.V. Madhusudhana
942 _2ddc
_cEN
_h530.12
_mRAO